000 01156cam a2200325 a 4500
001 14966655
003 LC
005 20160229105758.0
008 070814s2007 nyu 000 1 eng
010 _a 2007033491
020 _a9780451224446
020 _a052595029X
035 _a(OCoLC)ocn144557883
035 _a(OCoLC)144557883
040 _aDLC
_cDLC
_dDOV
_dBAKER
_dBTCTA
_dUPZ
_dC#P
_dYDXCP
_dDLC
050 0 0 _aPR 6111.H68
_b.K45 2008
082 0 0 _aFIC
_bK52s 2007
100 1 _aKhoury, Raymond.
_919856
245 1 4 _aThe sanctuary /
_cRaymond Khoury
260 _aNew York :
_bSignet,
_cc2008.
300 _a468 p. ;
_c17 cm.
650 0 _aFiction.
_9746
655 7 _aSuspense fiction.
_2gsafd
_96032
856 4 2 _3Contributor biographical information
_uhttp://www.loc.gov/catdir/enhancements/fy0806/2007033491-b.html
856 4 2 _3Publisher description
_uhttp://www.loc.gov/catdir/enhancements/fy0806/2007033491-d.html
906 _a7
_bcbc
_corignew
_d1
_eecip
_f20
_gy-gencatlg
942 _2lcc
_cBK
999 _c11336
_d11336